The seven dials mystery (Record no. 4950)

MARC details
000 -LEADER
fixed length control field 00537 a2200169 4500
020 ## - INTERNATIONAL STANDARD BOOK NUMBER
International Standard Book Number 0007122594
Terms of availability 575.60
035 ## - SYSTEM CONTROL NUMBER
System control number B-211620
037 ## - SOURCE OF ACQUISITION
Source of stock number/acquisition RP-ZLS-2783 / UBH-07-08:6 / RP-07-08:ENG
082 14 - DEWEY DECIMAL CLASSIFICATION NUMBER
Classification number 882
090 ## - LOCALLY ASSIGNED LC-TYPE CALL NUMBER (OCLC); LOCAL CALL NUMBER (OCLC)
-- 5047
-- 5047
100 1# - MAIN ENTRY--PERSONAL NAME
Personal name Christies, Agatha
245 1# - TITLE STATEMENT
Title The seven dials mystery
Statement of responsibility, etc by Agatha Christies
260 ## - PUBLICATION, DISTRIBUTION, ETC. (IMPRINT)
Place of publication, distribution, etc London
Name of publisher, distributor, etc Harper Collins Publishers
Date of publication, distribution, etc 2001
300 ## - PHYSICAL DESCRIPTION
Extent 375 p
Dimensions 18 cm (pbk)
942 ## - ADDED ENTRY ELEMENTS (KOHA)
Institution code [OBSOLETE] dpl
Koha item type English Books
Call number prefix N / CHI
Holdings
Withdrawn status Lost status Source of classification or shelving scheme Damaged status Not for loan Home library Current library Date acquired Total Checkouts Barcode Date last seen Uniform Resource Identifier Cost, replacement price Price effective from Koha item type Public note
    Dewey Decimal Classification     Sarojini Nagar Sarojini Nagar     B-211620 15/09/2008 5249 11.00 15/09/2008 English Books Withdrawn List Prepared L.No.75/19

© Delhi Public Library
Hit Counter
free hit counter